载入...

My life a fragment

书目详细资料
主要作者: Mohamed Ali Maulana
格式: Printed Book
出版: Delhi: Seema publications.
主题:
LEADER 00417nam a22001214a 4500
082 |a 923.254 
100 |a  Mohamed Ali Maulana, 
260 |a Delhi:  |b Seema publications. 
650 |a My life a fragment 
245 |a My life a fragment  |c by Maulana Mohamed Ali 
942 |c BK 
999 |c 246958  |d 246958 
952 |0 0  |1 0  |4 0  |6 923_254000000000000_MOH  |7 0  |8 G  |9 262311  |a HIS  |b HIS  |d 2020-01-04  |l 0  |o 923.254 MOH  |p HIS7409  |r 2020-01-04  |t 1  |w 2020-01-04  |y BK